Statistics for Characters from Musicals

Click here to take the quiz!

General Stats

  • This quiz has been taken 15,284 times
    (9,881 since last reset)
  • The average score is 13 of 20

Answer Stats

Character Musical % Correct
MufasaThe Lion King
98%
Captain von TrappThe Sound of Music
89%
Elsa, Snow Queen of ArendelleFrozen
87%
JafarAladdin
85%
Danny ZukoGrease
80%
CosetteLes Misérables
76%
Eva PerónEvita
73%
Daddy WarbucksAnnie
70%
ElphabaWicked
63%
FaginOliver!
62%
Mr. MistoffeleesCats
61%
Eliza DoolittleMy Fair Lady
60%
Tracy TurnbladHairspray
59%
Aaron BurrHamilton
59%
Dr. Frank-N-FurterThe Rocky Horror Show
55%
Frankie ValliJersey Boys
46%
YenteFiddler on the Roof
46%
Sir Lancelot the Homicidally BraveSpamalot
45%
Sally BowlesCabaret
36%
Nathan DetroitGuys and Dolls
33%

Score Distribution

Percentile by Number Answered

Percent of People with Each Score

Your Score History

You have not taken this quiz since the last reset